Contro il sacrificio : (Record no. 195308)

MARC details
000 -LEADER
campo de control de longitud fija 01283nam a2200349 i 4500
001 - NÚMERO DE CONTROL
campo de control 195308
003 - IDENTIFICADOR DE NÚMERO DE CONTROL
campo de control ItRI
005 - FECHA Y HORA DE LA ÚLTIMA TRANSACCIÓN
campo de control 20250318063121.0
008 - DATOS DE LONGITUD FIJA--INFORMACIÓN GENERAL
campo de control de longitud fija 220530s2017 it |||||| ||||| |||||c
015 ## - NÚMERO DE BIBLIOGRAFÍA NACIONAL
Fuente IT
Número de bibliografía nacional 2018-6609
020 ## - NÚMERO INTERNACIONAL ESTÁNDAR DEL LIBRO
Número Internacional Estándar del Libro 9788860309686
040 ## - FUENTE DE CATALOGACIÓN
Lengua de catalogación ita
Centro/agencia transcriptor ES-MaACL
Centro/agencia modificador ES-MaACL
041 #7 - CÓDIGO DE IDIOMA
Fuente del código ISO-639-2
082 ## - NÚMERO DE LA CLASIFICACIÓN DECIMAL DEWEY
Número de clasificación 150.1952
Número de edición 23
100 ## - ENTRADA PRINCIPAL--NOMBRE DE PERSONA
Nombre de persona Recalcati, Massimo
Número de control del registro de autoridad o número normalizado IT\ICCU\LO1V\042172
9 (RLIN) 236848
Término indicativo de función/relación Autor
240 10 - TÍTULO UNIFORME
Título uniforme Contro il sacrificio
9 (RLIN) Recalcati, Massimo
245 10 - MENCIÓN DEL TÍTULO
Título Contro il sacrificio :
Resto del título al di là del fantasma sacrificale /
Mención de responsabilidad, etc. Massimo Recalcati..
260 ## - PUBLICACIÓN, DISTRIBUCIÓN, ETC.
Lugar de publicación, distribución, etc. Milano :
Nombre del editor, distribuidor, etc. Raffaello Cortina,
Fecha de publicación, distribución, etc. 2017.
300 ## - DESCRIPCIÓN FÍSICA
Extensión 147 p. ;
Dimensiones 20 cm.
336 ## - TIPO DE CONTENIDO
Fuente rdacontent
Término de tipo de contenido texto
337 ## - TIPO DE MEDIO
Fuente rdamedia
Nombre/término del tipo de medio sin mediación
338 ## - TIPO DE SOPORTE
Fuente rdacarrier
Nombre/término del tipo de soporte volumen
650 #4 - PUNTO DE ACCESO ADICIONAL DE MATERIA--TÉRMINO DE MATERIA
Término de materia o nombre geográfico como elemento de entrada Psicoanálisis
9 (RLIN) 16530
830 #0 - PUNTO DE ACCESO ADICIONAL DE SERIE-TÍTULO UNIFORME
Título uniforme Temi
Número de control del registro de autoridad o número normalizado IT\ICCU\RAV\1981060
9 (RLIN) 236850
852 ## - LOCALIZACIÓN
Ubicación ES-MaACL
Sublocalización o colección R.153377
Ubicación en estantería Depósito J
Número de control de estantería N-8920
Donativo/Legado Donación: José Lázaro García
Encuadernación Encuadernación rústica
itemnumber 204798
903 ## - NOMBRE PERSONAL DE DONANTE
9 234219
a Lázaro García, José
e Donante
942 ## - ELEMENTOS DE ENTRADA SECUNDARIOS (KOHA)
Tipo de ítem Koha Libro impreso
Suprimir en OPAC No
Holdings
Estatus retirado Estado de pérdida Fuente del sistema de clasificación o colocación Estado de daño No para préstamo Biblioteca de origen Biblioteca actual Ubicación en estantería Fecha de adquisición Fuente de adquisición Total de préstamos Signatura topográfica completa Código de barras Visto por última vez Precio de reemplazo Tipo de ítem Koha
    Clasificación decimal universal     Biblioteca del Ateneo de Madrid Biblioteca del Ateneo de Madrid Depósito J 16/03/2025 Donación   N-8920 101229644 16/03/2025 16/03/2025 Libro impreso